[Event "TUR-chT 2nd League"]
[Site "Konya"]
[Date "2019.07.27"]
[Round "8.8"]
[White "Ilhan, Huseyin"]
[Black "Kurt, Emre"]
[Result "1/2-1/2"]
[WhiteElo "1778"]
[BlackElo "1675"]
[PlyCount "71"]
[EventDate "2019.07.22"]
[EventType "team-swiss"]
[EventRounds "9"]
[EventCountry "TUR"]
[SourceTitle "CBM 191 Extra"]
[Source "ChessBase"]
[SourceDate "2019.09.30"]
[SourceVersion "1"]
[SourceVersionDate "2019.09.30"]
[SourceQuality "1"]
[WhiteTeam "Dogukisla Genclik Spor"]
[BlackTeam "Gulbahcesi Egitim"]
[WhiteTeamCountry "TUR"]
[BlackTeamCountry "TUR"]

1. e4 c5 2. d4 cxd4 3. c3 dxc3 4. Nxc3 d6 5. Bc4 Nc6 6. Nf3 e6 7. 0-0 Nf6 8. Qe2 Bd7 9. Rd1 Qb8 10. Bg5 Be7 11. Rd2 h6 12. Bxf6 gxf6 13. a4 Ne5 14. Nxe5 fxe5 15. Rad1 a6 16. f4 exf4 17. e5 Qa7+ 18. Kh1 Qe3 19. Qh5 f3 20. exd6 fxg2+ 21. Rxg2 Bc6 22. Nd5 exd5 23. Bxd5 Bxd5 24. Qxd5 0-0-0 25. Rd3 Qe1+ 26. Rg1 Qe6 27. Rc3+ Kb8 28. Qxe6 fxe6 29. dxe7 Rd7 30. Rg7 Re8 31. Rh3 Rexe7 32. Rxe7 Rxe7 33. Rxh6 Kc7 34. Kg2 Kd6 35. Kf3 Rc7 36. Rh4 1/2-1/2

[Event "TUR-chT 2nd League"]
[Site "Konya"]
[Date "2018.07.16"]
[Round "1.10"]
[White "Ilhan, Huseyin"]
[Black "Bozkurt, Serkan"]
[Result "1/2-1/2"]
[WhiteElo "1779"]
[BlackElo "1610"]
[PlyCount "42"]
[EventDate "2018.07.16"]
[EventType "team-swiss"]
[EventRounds "9"]
[EventCountry "TUR"]
[SourceTitle "EXT 2019"]
[Source "ChessBase"]
[SourceDate "2018.10.10"]
[SourceVersion "1"]
[SourceVersionDate "2018.10.10"]
[SourceQuality "1"]
[WhiteTeam "Konya Erkin"]
[BlackTeam "Gulbahcesi Egitim"]
[WhiteTeamCountry "TUR"]
[BlackTeamCountry "TUR"]

1. e4 Nf6 2. e5 Nd5 3. d4 d6 4. Nf3 dxe5 5. Nxe5 g6 6. Bc4 e6 7. Qf3 f6 8. Ng4 Bg7 9. 0-0 0-0 10. c3 Nc6 11. Re1 Nce7 12. h4 c6 13. h5 g5 14. Bb3 a5 15. c4 a4 16. Bd1 Nc7 17. Bb3 Ncd5 18. Bd1 Nc7 19. Bb3 Ncd5 20. Bd1 Nc7 21. Bb3 Ncd5 1/2-1/2

[Event "TUR-chT 2nd League"]
[Site "Konya"]
[Date "2017.07.21"]
[Round "7.1"]
[White "Alaz, Ahmet Efekan"]
[Black "Ilhan, Huseyin"]
[Result "1-0"]
[WhiteElo "2015"]
[BlackElo "1750"]
[PlyCount "115"]
[EventDate "2017.07.17"]
[EventType "team-swiss"]
[EventRounds "9"]
[EventCountry "TUR"]
[SourceTitle "CBM 179 Extra"]
[Source "ChessBase"]
[SourceDate "2017.08.23"]
[SourceVersion "1"]
[SourceVersionDate "2017.08.23"]
[SourceQuality "1"]
[WhiteTeam "Berk Tugra Caliskan"]
[BlackTeam "Konya Erkin"]
[WhiteTeamCountry "TUR"]
[BlackTeamCountry "TUR"]

1. d4 Nf6 2. Nf3 g6 3. Bf4 Bg7 4. e3 d6 5. h3 0-0 6. Be2 Nbd7 7. 0-0 Re8 8. c3 c6 9. Nbd2 e5 10. Bh2 Qe7 11. Nc4 e4 12. Nfd2 d5 13. Nd6 Rd8 14. c4 c5 15. Qb3 cxd4 16. exd4 Ne8 17. Nxb7 Bxb7 18. Qxb7 Bxd4 19. cxd5 e3 20. Nf3 exf2+ 21. Kh1 Bb6 22. Bb5 Nd6 23. Qc6 Nf6 24. Ba6 Nfe4 25. g4 Rab8 26. Kg2 Nc5 27. Rxf2 Nxa6 28. Re1 Qd7 29. Qxd7 Rxd7 30. Rfe2 Rc8 31. Ne5 Rdd8 32. Nc6 Rxc6 33. dxc6 Nc4 34. Re8+ Rxe8 35. Rxe8+ Kg7 36. b3 Ne3+ 37. Kf3 Nd5 38. g5 f5 39. Be5+ Kf7 40. Rh8 Ke6 41. Bg3 Ne7 42. Rxh7 Nxc6 43. Rg7 Ne7 44. Be5 Bc5 45. Bf6 Nb4 46. Bxe7 Bxe7 47. Rxg6+ Kf7 48. Rh6 Bxg5 49. Rh7+ Ke6 50. Rxa7 Nc6 51. Rb7 Nd4+ 52. Kf2 Bh4+ 53. Ke3 Ke5 54. a4 f4+ 55. Kd3 f3 56. Rf7 Nf5 57. a5 f2 58. Ke2 1-0

[Event "TUR-chT 2nd League"]
[Site "Konya"]
[Date "2017.07.18"]
[Round "2.7"]
[White "Ilhan, Huseyin"]
[Black "Ergani, Efe"]
[Result "1-0"]
[WhiteElo "1750"]
[BlackElo "1729"]
[PlyCount "65"]
[EventDate "2017.07.17"]
[EventType "team-swiss"]
[EventRounds "9"]
[EventCountry "TUR"]
[SourceTitle "CBM 179 Extra"]
[Source "ChessBase"]
[SourceDate "2017.08.23"]
[SourceVersion "1"]
[SourceVersionDate "2017.08.23"]
[SourceQuality "1"]
[WhiteTeam "Konya Erkin"]
[BlackTeam "Ankara Hayat"]
[WhiteTeamCountry "TUR"]
[BlackTeamCountry "TUR"]

1. Nf3 Nf6 2. g3 g6 3. Bg2 Bg7 4. 0-0 0-0 5. d4 d6 6. c4 Nbd7 7. Nc3 e5 8. e4 c6 9. Qc2 Qc7 10. Rd1 Re8 11. h3 a5 12. b3 b6 13. Bb2 Ba6 14. Na4 Rac8 15. c5 bxc5 16. dxe5 dxe5 17. Ba3 Bf8 18. Bf1 Bxf1 19. Kxf1 Qb7 20. Nd2 Qb5+ 21. Kg2 Qe2 22. Nc3 Qa6 23. Nc4 Re6 24. Na4 h5 25. g4 hxg4 26. hxg4 Qa7 27. f3 Be7 28. Qd2 Rc7 29. Rh1 Nf8 30. Qxa5 Qxa5 31. Nxa5 N8d7 32. Rac1 Nh7 33. Rc2 1-0